| 000 | 00781cam a2200205 4500 | ||
|---|---|---|---|
| 001 | ABS65402 | ||
| 008 | 020430n2002 000 0 eng u | ||
| 035 | _a(Sirsi) u117771 | ||
| 100 | _aThompson, G.J | ||
| 245 | _aDon't you want me? | ||
| 260 | _c2002 | ||
| 490 |
_aBuilding _v267(8230) 19 April 2002, 24-27(4) |
||
| 520 | _aAsks why City financial institutions are wary of investing in housebuilders, when yearly results are good, south needs more homes built and chief executives are promoting success of firms. Concludes that larger firms can attract investment as they are more likely to continue profits. Table. Graph. | ||
| 590 | _aABS | ||
| 650 | _aHOUSE BUILDERS | ||
| 650 | _aRATINGS | ||
| 650 | _aFINANCIAL INSTITUTIONS | ||
| 690 | _aINVESTMENT | ||
| 942 | _n0 | ||
| 999 |
_c70123 _d70123 |
||